00969cam a2200277 a 450000100090000000300040000900500170001300800410003001000170007102000150008802000150010304000180011804200100013604300120014608200160015810000220017424501300019626000720032630000330039849000370043150400520046865000340052070000220055470000240057683000910060013915123OSt20230626123437.0050329s2005 ke a b 000 0 eng  a 2005328220 a9966948422 a9966948546 aDLCcDLCdDLC alcode afe-----00a332.64bKIB1 aKibua, T. Nzioki.10aProspects for developing a regional bond market in eastern Africa /cThomas N. Kibua, Muyundo M. Masinde, Monyoncho K. Maina. aNairobi, Kenya :bInstitute of Policy Analysis and Research,c2005. avii, 54 p. :bill. ;c24 cm.1 aDiscussion paper ;vno. 063/2005 aIncludes bibliographical references (p. 40-43). 0aBond marketzAfrica, Eastern.1 aMasinde, Muyundo.1 aMaina, Monyoncho K. 0aDiscussion paper (Institute of Policy Analysis and Research (Kenya)) ;vno. DP 05/063.